=LDR 00000nam 2200000 4500 =001 INLIS000000000042688 =005 20150909125250.0 =006 =007 =008 ind =035 ##$$0010-101300000000610 =041 ##$$a ind =082 ##$$a 614.4 =090 ##$$a 614.4, Dya k =100 ##$$a Dyan Kunthi Nugranaeni =245 ##$$a Konsep dasar epidemiologi, Dyan kunthi nugrahaeni; Editor, Monica ester =260 ##$$a 2011 $b Jakarta =300 ##$$a Ix,187 hlm, 20 cm =650 ##$$a Epedemiologi =700 ##$$a Monica Ester =850 ##$$a NBPNMAT =990 ##$$a 21400613/BPAP-NTB/20142014 =990 ##$$a 21400613/BPAP-NTB/20142014 =990 ##$$a 0001/BPAP-NTB/20142014 =990 ##$$a 0001/BPAP-NTB/20142014 =990 ##$$a 0001/BPAP-NTB/2015 =990 ##$$a 0001/BPAP-NTB/2015 =990 ##$$a 0001/BPAP-NTB/2016 =990 ##$$a 0001/BPAP-NTB/2016